000 00403nam a2200133Ia 4500
008 220217s9999||||xx |||||||||||||| ||und||
020 _a81-7808-604-2
082 _a005.1 LEW
100 _aLewis, Daniel, W
_92360
245 0 _aFundamentals of embedded software: where C and assembly mee
260 _aPearson education asia
_bDelhi
_c2002
300 _b235
650 _aSOFTWARE ENGINEERING
_91072
999 _c168886
_d168886